[Event "Oberliga Ost-A 1819"]
[Site "Germany"]
[Date "2018.12.16"]
[Round "5.3"]
[White "Hofmann, Rares"]
[Black "Geiling, Christian"]
[Result "1/2-1/2"]
[WhiteElo "2228"]
[BlackElo "2182"]
[PlyCount "28"]
[EventDate "2018.10.21"]
[EventType "team-tourn"]
[EventRounds "11"]
[EventCountry "GER"]
[SourceTitle "EXT 2020"]
[Source "ChessBase"]
[SourceDate "2019.10.17"]
[SourceVersion "1"]
[SourceVersionDate "2019.10.17"]
[SourceQuality "1"]
[WhiteTeam "Coswig TuS"]
[BlackTeam "Leipzig VfB"]
[WhiteTeamCountry "GER"]
[BlackTeamCountry "GER"]

1. e4 d6 2. d4 Nf6 3. Nc3 g6 4. f4 Bg7 5. Nf3 0-0 6. Bd3 Na6 7. 0-0 c5 8. Bxa6 cxd4 9. Bd3 dxc3 10. bxc3 Qa5 11. Bd2 b6 12. Qe1 Bb7 13. c4 Qc5+ 14. Be3 Qa3 1/2-1/2

[Event "Oberliga Ost-A 1718"]
[Site "Germany"]
[Date "2018.04.14"]
[Round "10.3"]
[White "Hofmann, Rares"]
[Black "Pallas, Sebastian"]
[Result "0-1"]
[WhiteElo "2229"]
[BlackElo "2230"]
[PlyCount "66"]
[EventDate "2017.10.22"]
[EventType "team-tourn"]
[EventRounds "11"]
[EventCountry "GER"]
[SourceTitle "EXT 2019"]
[Source "ChessBase"]
[SourceDate "2018.10.10"]
[SourceVersion "1"]
[SourceVersionDate "2018.10.10"]
[SourceQuality "1"]
[WhiteTeam "Coswig TuS"]
[BlackTeam "Loeberitz"]
[WhiteTeamCountry "GER"]
[BlackTeamCountry "GER"]

1. e4 c5 2. Nf3 d6 3. d4 cxd4 4. Nxd4 Nf6 5. Nc3 a6 6. Be3 e6 7. f3 h5 8. a4 b6 9. Bc4 Qc7 10. Qe2 Be7 11. 0-0 0-0 12. Rad1 Nc6 13. Kh1 Nb4 14. Bb3 Bd7 15. f4 d5 16. exd5 exd5 17. Nf3 Be6 18. h3 Ne4 19. Nxe4 dxe4 20. Ne5 Bxb3 21. cxb3 Qc2 22. Qxc2 Nxc2 23. Bxb6 e3 24. Rfe1 Nxe1 25. Rxe1 Bh4 26. Rxe3 Bf2 27. Nc4 Bxe3 28. Bxe3 Rab8 29. Bc5 Rfc8 30. b4 Rxb4 31. Bxb4 Rxc4 32. Bc3 Rxa4 33. g3 h4 0-1

[Event "Oberliga Ost-A 1718"]
[Site "Germany"]
[Date "2018.03.18"]
[Round "9.3"]
[White "Becker, Michael"]
[Black "Hofmann, Rares"]
[Result "0-1"]
[WhiteElo "2286"]
[BlackElo "2229"]
[PlyCount "102"]
[EventDate "2017.10.22"]
[EventType "team-tourn"]
[EventRounds "11"]
[EventCountry "GER"]
[SourceTitle "EXT 2019"]
[Source "ChessBase"]
[SourceDate "2018.10.10"]
[SourceVersion "1"]
[SourceVersionDate "2018.10.10"]
[SourceQuality "1"]
[WhiteTeam "Halle USV"]
[BlackTeam "Coswig TuS"]
[WhiteTeamCountry "GER"]
[BlackTeamCountry "GER"]

1. e4 e5 2. Nf3 Nc6 3. d4 exd4 4. Nxd4 Nf6 5. Nxc6 bxc6 6. e5 Qe7 7. Qe2 Nd5 8. c4 Ba6 9. b3 g6 10. g3 Bg7 11. Bb2 0-0 12. Bg2 Rfe8 13. 0-0 Nb6 14. f4 d5 15. Nd2 Rad8 16. Rac1 dxc4 17. Nxc4 Nxc4 18. bxc4 Qb4 19. Rc2 Rd7 20. h4 Red8 21. e6 Re7 22. Bxg7 Kxg7 23. f5 Qc5+ 24. Qf2 Qxf2+ 25. Rfxf2 gxf5 26. Rxf5 Rxe6 27. Ra5 c5 28. Rxc5 Rd7 29. Bd5 Rb6 30. Kg2 Bb7 31. Kf3 Rf6+ 32. Ke4 c6 33. Ke5 cxd5 34. cxd5 Rfd6 35. Rd2 f6+ 36. Ke4 Re7+ 37. Kf4 Red7 38. Ke4 Kg6 39. g4 Re6+ 40. Kd4 Re5 41. Kc4 Re4+ 42. Rd4 Rxd4+ 43. Kxd4 h5 44. gxh5+ Kxh5 45. Ke4 Kg4 46. h5 f5+ 47. Ke5 Rxd5+ 48. Rxd5 Bxd5 49. h6 Bg8 50. Kf6 f4 51. Kg7 Kg5 0-1

[Event "Erfurt MT op 26th"]
[Site "Erfurt"]
[Date "2016.12.27"]
[Round "2"]
[White "Hendriks, Willy"]
[Black "Hofmann, Rares"]
[Result "1-0"]
[WhiteElo "2396"]
[BlackElo "2214"]
[PlyCount "87"]
[EventDate "2016.12.26"]
[EventType "swiss"]
[EventRounds "8"]
[EventCountry "GER"]
[SourceTitle "CBM 176 Extra"]
[Source "ChessBase"]
[SourceDate "2017.03.02"]
[SourceVersion "1"]
[SourceVersionDate "2017.03.02"]
[SourceQuality "1"]

1. c4 e5 2. e3 Nf6 3. Nc3 c6 4. Nf3 d6 5. d4 Qc7 6. Be2 Be7 7. 0-0 0-0 8. Qc2 Be6 9. b3 Ne8 10. Bb2 f5 11. e4 f4 12. d5 Bf7 13. dxc6 bxc6 14. c5 dxc5 15. Na4 Nd7 16. Rfd1 Rd8 17. Rac1 h6 18. Rxd7 Qxd7 19. Nxe5 Qc8 20. Nxf7 Kxf7 21. Nxc5 Bxc5 22. Qxc5 Nf6 23. Bxf6 Kxf6 24. h3 Kg6 25. Bg4 Qc7 26. Bf5+ Kf6 27. Bg4 Kg6 28. e5 Kh7 29. Qc2+ Kh8 30. Qe4 Rfe8 31. e6 Rd6 32. Qg6 Rf8 33. Bf5 Rxf5 34. Qxf5 Qe7 35. Re1 Rd2 36. Qf7 Qh4 37. Rf1 Re2 38. Qe8+ Kh7 39. Qxc6 Qf6 40. Qf3 Rxe6 41. Rc1 Qf5 42. g4 Qe4 43. Qxe4+ Rxe4 44. Rc4 1-0

[Event "Helsingor Xtracon op"]
[Site "Helsingor"]
[Date "2016.07.30"]
[Round "9"]
[White "Bach, Matthias"]
[Black "Hofmann, Rares"]
[Result "1-0"]
[WhiteElo "2296"]
[BlackElo "2118"]
[PlyCount "71"]
[EventDate "2016.07.23"]
[EventType "swiss"]
[EventRounds "10"]
[EventCountry "DEN"]
[SourceTitle "CBM 173 Extra"]
[Source "ChessBase"]
[SourceDate "2016.08.29"]
[SourceVersion "1"]
[SourceVersionDate "2016.08.29"]
[SourceQuality "1"]

1. d3 d5 2. g3 Nf6 3. Bg2 c6 4. b3 e5 5. h3 Be6 6. e3 Nbd7 7. Ne2 Bd6 8. Nd2 Qe7 9. a3 h5 10. Bb2 Nh7 11. c4 f5 12. b4 h4 13. gxh4 Qxh4 14. cxd5 Bxd5 15. Bxd5 cxd5 16. Ng3 Rf8 17. e4 g6 18. Qb3 f4 19. Nf3 Qe7 20. Nf1 Nhf6 21. N1d2 dxe4 22. dxe4 Rc8 23. Ke2 Rg8 24. Ng5 Nb8 25. Rac1 Rd8 26. Ne6 Rd7 27. Rc8+ Kf7 28. Rxg8 Kxg8 29. Nc5+ Kg7 30. Nxd7 Nbxd7 31. Rd1 b5 32. Qd3 Nb6 33. Qxb5 Qe6 34. Qc6 Qa2 35. Qxd6 Qxb2 36. Qe7+ 1-0

[Event "Helsingor Xtracon op"]
[Site "Helsingor"]
[Date "2016.07.23"]
[Round "1"]
[White "Shehzad, Kasher"]
[Black "Hofmann, Rares"]
[Result "0-1"]
[WhiteElo "1656"]
[BlackElo "2118"]
[PlyCount "92"]
[EventDate "2016.07.23"]
[EventType "swiss"]
[EventRounds "10"]
[EventCountry "DEN"]
[SourceTitle "CBM 173 Extra"]
[Source "ChessBase"]
[SourceDate "2016.08.29"]
[SourceVersion "1"]
[SourceVersionDate "2016.08.29"]
[SourceQuality "1"]

1. d4 Nf6 2. c4 e6 3. Bg5 d5 4. e3 Nbd7 5. Nf3 c6 6. cxd5 cxd5 7. Bd3 Be7 8. 0-0 a6 9. a4 b6 10. Nc3 Bb7 11. Qb1 0-0 12. b4 Rc8 13. Rc1 Ne4 14. Bxe7 Qxe7 15. Bxe4 dxe4 16. Nd2 f5 17. Qb2 e5 18. Ne2 f4 19. dxe5 f3 20. Ng3 fxg2 21. Ndxe4 Nxe5 22. Rxc8 Nf3+ 23. Kxg2 Bxc8 24. Rc1 Qh4 25. Rxc8 Qxh2+ 26. Kf1 Qg1+ 27. Ke2 Qe1+ 28. Kd3 Qd1+ 29. Nd2 Rxc8 30. Qb3+ Qxb3+ 31. Nxb3 Ne5+ 32. Kd2 Rc4 33. b5 Rxa4 34. bxa6 Rxa6 35. Nd4 Ra2+ 36. Nc2 Ng4 37. Ne4 h5 38. Kd3 h4 39. f3 Ne5+ 40. Kc3 Nxf3 41. Nf2 Ne1 42. Nxe1 Rxf2 43. Nd3 Re2 44. Kd4 h3 45. Nf4 h2 46. Nxe2 h1Q 0-1

[Event "Lueneburg op-A"]
[Site "Lueneburg"]
[Date "2016.07.04"]
[Round "5"]
[White "Hofmann, Rares"]
[Black "Von Estorff, Jacob"]
[Result "1-0"]
[WhiteElo "2118"]
[BlackElo "1886"]
[PlyCount "85"]
[EventDate "2016.07.01"]
[EventType "swiss"]
[EventRounds "9"]
[EventCountry "GER"]
[SourceTitle "CBM 173 Extra"]
[Source "ChessBase"]
[SourceDate "2016.08.29"]
[SourceVersion "1"]
[SourceVersionDate "2016.08.29"]
[SourceQuality "1"]

1. e4 c5 2. Nf3 Nc6 3. Bb5 g6 4. Bxc6 dxc6 5. d3 Bg7 6. h3 Nf6 7. Be3 0-0 8. Bxc5 Nxe4 9. dxe4 Qxd1+ 10. Kxd1 Bxb2 11. c3 Bxa1 12. Kc2 f5 13. Nbd2 fxe4 14. Nxe4 Bf5 15. Nfd2 b6 16. Be3 Bxc3 17. Kxc3 Rad8 18. g4 Bxe4 19. Nxe4 Rd5 20. h4 Rfd8 21. h5 Re5 22. Nd2 Ra5 23. hxg6 hxg6 24. Nc4 Rxa2 25. Bd4 Rxd4 26. Kxd4 Rxf2 27. Ne5 Kg7 28. Ke3 Rf6 29. Ke4 Re6 30. g5 a5 31. Rd1 Rd6 32. Rxd6 exd6 33. Nxc6 a4 34. Kd5 a3 35. Nb4 Kf7 36. Kxd6 b5 37. Kd7 Kf8 38. Ke6 Kg7 39. Ke7 Kh8 40. Kf8 Kh7 41. Kf7 Kh8 42. Kxg6 Kg8 43. Kf6 1-0

[Event "Lueneburg op-A"]
[Site "Lueneburg"]
[Date "2016.07.02"]
[Round "2"]
[White "Hofmann, Rares"]
[Black "Rudolph, Jens Erik"]
[Result "1/2-1/2"]
[WhiteElo "2118"]
[BlackElo "1939"]
[PlyCount "128"]
[EventDate "2016.07.01"]
[EventType "swiss"]
[EventRounds "9"]
[EventCountry "GER"]
[SourceTitle "CBM 173 Extra"]
[Source "ChessBase"]
[SourceDate "2016.08.29"]
[SourceVersion "1"]
[SourceVersionDate "2016.08.29"]
[SourceQuality "1"]

1. e4 e6 2. d4 d5 3. Nc3 h6 4. e5 c5 5. Nf3 Nc6 6. Bb5 Bd7 7. Bxc6 Bxc6 8. Be3 Ne7 9. dxc5 Nf5 10. b4 d4 11. Nxd4 Nxe3 12. fxe3 Bxg2 13. Rg1 Qh4+ 14. Kd2 Rd8 15. Qe1 Rxd4+ 16. exd4 Qxd4+ 17. Kc1 Bd5 18. Rb1 Be7 19. Nxd5 exd5 20. c3 Qc4 21. Kb2 0-0 22. Rd1 a5 23. Rd4 Qb5 24. Qf1 Qc6 25. Qg2 g6 26. Qxd5 axb4 27. cxb4 Qa6 28. Qc4 Qc6 29. Rd5 Kh7 30. b5 Qe6 31. Qd3 Rc8 32. Rc1 Rc7 33. Kb1 Bf8 34. Qe4 Qh3 35. b6 Rc8 36. Qf4 Qe6 37. Qf3 Bg7 38. Rf1 Kg8 39. Re1 Ra8 40. a3 Kh7 41. Rd3 Ra5 42. Rc3 Rb5+ 43. Kc2 Bxe5 44. Rxe5 Qxe5 45. Qxf7+ Kh8 46. Qf8+ Kh7 47. Qf7+ Kh8 48. Qf8+ Kh7 49. Qf3 Kg8 50. Kd3 Rxc5 51. Rxc5 Qxc5 52. Qxb7 Qxa3+ 53. Kd4 Qb2+ 54. Kc5 Qc2+ 55. Kb5 Qd3+ 56. Kc6 Qc2+ 57. Kd7 Qf5+ 58. Kc7 Qe5+ 59. Kc8 Qe8+ 60. Kc7 Qe5+ 61. Kd7 Qf5+ 62. Kd6 Qf6+ 63. Kc5 Qc3+ 64. Kb5 Qd3+ 1/2-1/2

[Event "Lueneburg VMCG Youth"]
[Site "Lueneburg"]
[Date "2016.06.30"]
[Round "1"]
[White "Hofmann, Rares"]
[Black "Leser, Katrin"]
[Result "1-0"]
[WhiteElo "2118"]
[BlackElo "2025"]
[PlyCount "41"]
[EventDate "2016.06.30"]
[EventType "swiss"]
[EventRounds "5"]
[EventCountry "GER"]
[SourceTitle "EXT 2024"]
[Source "ChessBase"]
[SourceDate "2023.10.10"]
[SourceVersion "1"]
[SourceVersionDate "2023.10.10"]
[SourceQuality "1"]

1. e4 e5 2. Nf3 Nc6 3. Bb5 a6 4. Bxc6 dxc6 5. 0-0 f6 6. d4 exd4 7. Nxd4 c5 8. Nb3 Qxd1 9. Rxd1 Bg4 10. f3 Bd7 11. Nc3 c4 12. Na5 Bc5+ 13. Kh1 b5 14. Nb7 Bb6 15. Nd5 Bc6 16. Nxb6 Rb8 17. Na5 Rxb6 18. Be3 Ba8 19. Bxb6 cxb6 20. Rd6 bxa5 21. Rad1 1-0

[Event "Bargteheide op"]
[Site "Bargteheide"]
[Date "2016.05.07"]
[Round "5"]
[White "Nedic, Dusan"]
[Black "Hofmann, Rares"]
[Result "1-0"]
[WhiteElo "2382"]
[BlackElo "2081"]
[PlyCount "73"]
[EventDate "2016.05.05"]
[EventType "swiss"]
[EventRounds "7"]
[EventCountry "GER"]
[SourceTitle "CBM 172 Extra"]
[Source "ChessBase"]
[SourceDate "2016.06.21"]
[SourceVersion "1"]
[SourceVersionDate "2016.06.21"]
[SourceQuality "1"]

1. Nf3 d5 2. d4 Nf6 3. Bf4 c5 4. e3 Nc6 5. c3 Qb6 6. Qb3 c4 7. Qc2 Bf5 8. Qc1 e6 9. h3 h6 10. Nbd2 Be7 11. Be2 Ne4 12. Nxe4 Bxe4 13. 0-0 g5 14. Bg3 h5 15. Nd2 Bf5 16. e4 Bxe4 17. Nxe4 dxe4 18. Bxc4 f5 19. Bxe6 Nxd4 20. cxd4 Qxe6 21. Be5 Bf6 22. Bxf6 Qxf6 23. Qc4 Qf7 24. Qb5+ Qd7 25. Qe5+ Kf7 26. Rac1 Rhe8 27. Qg3 Kf6 28. h4 g4 29. Qf4 Qxd4 30. Rfd1 Qe5 31. Rd6+ Re6 32. Qg5+ Kf7 33. Rc7+ Kf8 34. Rxe6 Qxc7 35. Rf6+ Ke8 36. Qg8+ Ke7 37. Qe6+ 1-0

[Event "GER-chT U20"]
[Site "Osnabrueck"]
[Date "2015.12.29"]
[Round "6.3"]
[White "Hofmann, Rares"]
[Black "Stephan, Michael"]
[Result "1/2-1/2"]
[WhiteElo "2057"]
[BlackElo "1924"]
[PlyCount "74"]
[EventDate "2015.12.27"]
[EventType "team-swiss"]
[EventRounds "7"]
[EventCountry "GER"]
[SourceTitle "EXT 2017"]
[Source "ChessBase"]
[SourceDate "2016.10.25"]
[SourceVersion "1"]
[SourceVersionDate "2016.10.25"]
[SourceQuality "1"]
[WhiteTeam "Coswig"]
[BlackTeam "Forchheim"]
[WhiteTeamCountry "GER"]
[BlackTeamCountry "GER"]

1. e4 e5 2. Nf3 Nc6 3. Bb5 a6 4. Bxc6 dxc6 5. 0-0 f6 6. d4 exd4 7. Nxd4 c5 8. Nb3 Qxd1 9. Rxd1 Bd7 10. Be3 b6 11. a4 a5 12. Nc3 0-0-0 13. Rd2 Ne7 14. Rad1 Nc6 15. Nb5 Ne5 16. f4 Nc4 17. Na7+ Kb7 18. Rxd7 Nxe3 19. Rxd8 Nxd1 20. Rxd1 Kxa7 21. c4 Bd6 22. g3 Re8 23. Re1 c6 24. Rd1 Rxe4 25. Rxd6 Rxc4 26. Nd2 Rxa4 27. b3 Rd4 28. Nc4 Rxd6 29. Nxd6 b5 30. Kf2 c4 31. bxc4 a4 32. cxb5 a3 33. bxc6 a2 34. c7 a1Q 35. c8Q Qd4+ 36. Kg2 Qd5+ 37. Kg1 Qd1+ 1/2-1/2

[Event "GER-chT U20"]
[Site "Osnabrueck"]
[Date "2015.12.27"]
[Round "1.3"]
[White "Hofmann, Rares"]
[Black "Heinke, Jasper"]
[Result "1/2-1/2"]
[WhiteElo "2057"]
[BlackElo "1806"]
[PlyCount "119"]
[EventDate "2015.12.27"]
[EventType "team-swiss"]
[EventRounds "7"]
[EventCountry "GER"]
[SourceTitle "EXT 2017"]
[Source "ChessBase"]
[SourceDate "2016.10.25"]
[SourceVersion "1"]
[SourceVersionDate "2016.10.25"]
[SourceQuality "1"]
[WhiteTeam "Coswig"]
[BlackTeam "Erfurt Empor"]
[WhiteTeamCountry "GER"]
[BlackTeamCountry "GER"]

1. e4 e6 2. d4 d5 3. Nc3 Nf6 4. Bg5 Bb4 5. e5 h6 6. exf6 hxg5 7. fxg7 Rg8 8. Qh5 Qf6 9. Nf3 Qxg7 10. a3 Bd6 11. Nb5 Bf4 12. g3 Rh8 13. Qxh8+ Qxh8 14. gxf4 Na6 15. fxg5 Ke7 16. h4 c5 17. Ne5 cxd4 18. f4 Bd7 19. Nd6 Be8 20. Nxb7 Nc7 21. Na5 f6 22. Nf3 fxg5 23. fxg5 Bh5 24. Nc6+ Kd6 25. Nfe5 Qf8 26. Be2 Be8 27. Rf1 Qg7 28. g6 Bxc6 29. Nf7+ Kc5 30. h5 e5 31. 0-0-0 Ne6 32. Rf5 Nf4 33. Bf3 Re8 34. Rg1 Nxh5 35. Bxh5 Bd7 36. Rfg5 e4 37. Be2 Rb8 38. Ne5 Be6 39. b4+ Kd6 40. Bg4 Bxg4 41. R1xg4 Re8 42. Nf7+ Kc6 43. Ne5+ Kb6 44. Rh5 d3 45. Rgg5 Qc7 46. c4 Rxe5 47. c5+ Kb5 48. Rxe5 a5 49. Rhg5 axb4 50. Kd2 bxa3 51. g7 Qa5+ 52. Ke3 Qe1+ 53. Kf4 d2 54. g8Q Qf2+ 55. Kg4 d1Q+ 56. Kh3 Qh1+ 57. Kg4 Qhg1+ 58. Kh5 Qgh2+ 59. Kg6 Qe3 60. Qe8+ 1/2-1/2

[Event "Politiken Cup 37th"]
[Site "Helsingor"]
[Date "2015.07.26"]
[Round "3"]
[White "Hofmann, Rares"]
[Black "Skjoldager, Per"]
[Result "0-1"]
[WhiteElo "2065"]
[BlackElo "2170"]
[PlyCount "66"]
[EventDate "2015.07.25"]
[EventType "swiss"]
[EventRounds "10"]
[EventCountry "DEN"]
[SourceTitle "CBM 167 Extra"]
[Source "ChessBase"]
[SourceDate "2015.09.14"]
[SourceVersion "1"]
[SourceVersionDate "2015.09.14"]
[SourceQuality "1"]

1. e4 c6 2. d4 d5 3. e5 Bf5 4. Nf3 e6 5. Be2 c5 6. Be3 cxd4 7. Nxd4 Ne7 8. Nd2 Nbc6 9. N2f3 Be4 10. 0-0 Nxd4 11. Nxd4 Nc6 12. Bb5 Qd7 13. f3 Bg6 14. c4 Bc5 15. Nf5 Bxe3+ 16. Nxe3 d4 17. Nc2 d3 18. Nb4 0-0 19. Kh1 a6 20. Bxc6 bxc6 21. Qa4 Qc7 22. Rad1 Rfd8 23. Qxc6 Qxe5 24. Nxd3 Qd4 25. Rd2 Rac8 26. Qxa6 Bxd3 27. Rfd1 Qxc4 28. Qxc4 Rxc4 29. Kg1 Rcd4 30. Kf2 R4d5 31. Ke3 Bc4 32. Rxd5 Bxd5 33. b4 Ra8 0-1

[Event "Politiken Cup 37th"]
[Site "Helsingor"]
[Date "2015.07.26"]
[Round "2"]
[White "Vuilleumier, Alexandre"]
[Black "Hofmann, Rares"]
[Result "1/2-1/2"]
[WhiteElo "2357"]
[BlackElo "2065"]
[PlyCount "94"]
[EventDate "2015.07.25"]
[EventType "swiss"]
[EventRounds "10"]
[EventCountry "DEN"]
[SourceTitle "CBM 167 Extra"]
[Source "ChessBase"]
[SourceDate "2015.09.14"]
[SourceVersion "1"]
[SourceVersionDate "2015.09.14"]
[SourceQuality "1"]

1. c4 e5 2. Nc3 Nf6 3. g3 c6 4. d4 exd4 5. Qxd4 d5 6. Bg2 dxc4 7. Qxc4 Be6 8. Qa4 Nbd7 9. Nh3 Nb6 10. Qc2 Bb4 11. Nf4 Bd5 12. Nfxd5 Nbxd5 13. 0-0 0-0 14. Bg5 Qa5 15. Nxd5 Nxd5 16. a3 Be7 17. Bd2 Qb6 18. e4 Nc7 19. Be3 c5 20. b4 Ne6 21. Rab1 Qa6 22. bxc5 Bxc5 23. e5 Rab8 24. Bxc5 Rfc8 25. Rb4 Rxc5 26. Qb3 Rxe5 27. Bxb7 Qa5 28. Rc1 Nc5 29. Qc3 Nxb7 30. Rxb7 Rf8 31. Qb4 Qa6 32. Rcc7 Qe2 33. Kg2 Qd1 34. Rd7 Qc2 35. Rbc7 Qg6 36. Rxf7 Rfe8 37. Qb7 Rg5 38. Rce7 Rxe7 39. Rxe7 h5 40. Qc8+ Kh7 41. Re8 Qf7 42. h4 Qd5+ 43. Kh2 Rf5 44. Rh8+ Kg6 45. Qe8+ Qf7 46. Qc6+ Qf6 47. Qe4 Qb2 1/2-1/2

[Event "GER-ch U14"]
[Site "Willingen"]
[Date "2015.05.30"]
[Round "9"]
[White "Poghosyan, Tigran"]
[Black "Hofmann, Rares"]
[Result "1-0"]
[WhiteElo "2043"]
[BlackElo "1955"]
[PlyCount "125"]
[EventDate "2015.05.24"]
[EventType "swiss"]
[EventRounds "9"]
[EventCountry "GER"]
[SourceTitle "CBM 166 Extra"]
[Source "ChessBase"]
[SourceDate "2015.06.18"]
[SourceVersion "1"]
[SourceVersionDate "2015.06.18"]
[SourceQuality "1"]

1. e4 c5 2. Nf3 Nc6 3. d4 cxd4 4. Nxd4 e5 5. Nb5 d6 6. N1c3 a6 7. Na3 b5 8. Nd5 Nge7 9. c4 Nd4 10. cxb5 Nxd5 11. exd5 Be7 12. bxa6 Qa5+ 13. Qd2 Qxd5 14. Bb5+ Kf8 15. 0-0 h5 16. Bc4 Qc6 17. Qa5 Be6 18. Bxe6 Rxa6 19. Bd5 Rxa5 20. Bxc6 Nxc6 21. Nc4 Rc5 22. b3 d5 23. Ne3 f6 24. Bd2 d4 25. Nc4 Kf7 26. a4 Rb8 27. Rfb1 e4 28. a5 Rcb5 29. Nb6 Bd8 30. Bf4 Rb7 31. Nc8 Nxa5 32. Nd6+ Ke6 33. Nxb7 Nxb7 34. Ra4 g5 35. Bd2 Ke5 36. Rb4 Rxb4 37. Bxb4 Kd5 38. Kf1 Nc5 39. Bxc5 Kxc5 40. Rc1+ Kd6 41. b4 Bb6 42. Rc8 Kd7 43. Rc1 Kd6 44. Ke1 d3 45. Rc8 Kd7 46. Rc4 f5 47. f3 e3 48. Rc3 d2+ 49. Ke2 f4 50. b5 g4 51. Rc6 h4 52. h3 gxf3+ 53. gxf3 Bd8 54. Rg6 Kc7 55. Rg4 Kb6 56. Rxf4 Kxb5 57. Re4 Bb6 58. Rxh4 Kc5 59. Re4 Kd5 60. h4 Bd4 61. h5 Kc4 62. h6 Kc3 63. Rxd4 1-0

[Event "GER-ch U14"]
[Site "Willingen"]
[Date "2015.05.29"]
[Round "8"]
[White "Hofmann, Rares"]
[Black "Fieberg, Samuel"]
[Result "1-0"]
[WhiteElo "1955"]
[BlackElo "2133"]
[PlyCount "75"]
[EventDate "2015.05.24"]
[EventType "swiss"]
[EventRounds "9"]
[EventCountry "GER"]
[SourceTitle "CBM 166 Extra"]
[Source "ChessBase"]
[SourceDate "2015.06.18"]
[SourceVersion "1"]
[SourceVersionDate "2015.06.18"]
[SourceQuality "1"]

1. e4 c5 2. f4 d6 3. Nf3 Nc6 4. Bb5 Bd7 5. b3 Nf6 6. d3 g6 7. Bb2 Bg7 8. Nbd2 a6 9. Bxc6 Bxc6 10. Qe2 0-0 11. 0-0-0 b5 12. h4 Nh5 13. Bxg7 Kxg7 14. Qe3 a5 15. d4 c4 16. g4 Nf6 17. g5 Nh5 18. d5 Bd7 19. bxc4 bxc4 20. Nxc4 Rc8 21. Nb6 Rc5 22. Nxd7 Qxd7 23. Nd4 Qa4 24. Qb3 Qxb3 25. axb3 Nxf4 26. Rhf1 Nh5 27. Rf3 Rc7 28. Rdf1 Rcc8 29. Nc6 f6 30. Nxa5 e6 31. gxf6+ Nxf6 32. dxe6 Rce8 33. Nc4 Nxe4 34. Rxf8 Rxf8 35. Re1 Rf4 36. e7 Nf6 37. Nxd6 Rxh4 38. Re6 1-0

[Event "GER-ch U14"]
[Site "Willingen"]
[Date "2015.05.26"]
[Round "4"]
[White "Hofmann, Rares"]
[Black "Stein, Robert"]
[Result "1/2-1/2"]
[WhiteElo "1955"]
[BlackElo "1963"]
[PlyCount "73"]
[EventDate "2015.05.24"]
[EventType "swiss"]
[EventRounds "9"]
[EventCountry "GER"]
[SourceTitle "CBM 166 Extra"]
[Source "ChessBase"]
[SourceDate "2015.06.18"]
[SourceVersion "1"]
[SourceVersionDate "2015.06.18"]
[SourceQuality "1"]

1. g3 e5 2. Bg2 Nc6 3. d3 g6 4. Nc3 Bg7 5. f4 d6 6. Nf3 Nge7 7. 0-0 0-0 8. e4 f5 9. Be3 Nd4 10. Rb1 Nec6 11. Ne2 Be6 12. b3 Nxf3+ 13. Bxf3 Qd7 14. c3 Rae8 15. Qc2 d5 16. Rbd1 Kh8 17. Bg2 d4 18. cxd4 exd4 19. Bf2 Rd8 20. e5 Bd5 21. Rc1 Bxg2 22. Kxg2 g5 23. h3 Rg8 24. Kh2 gxf4 25. gxf4 Qd5 26. Ng3 Bxe5 27. fxe5 Nxe5 28. Bxd4 Qxd4 29. Nxf5 Qd5 30. Ne7 Nf3+ 31. Rxf3 Qxf3 32. Nxg8 Rxg8 33. Qb2+ Rg7 34. Rg1 Qf4+ 35. Kh1 Qf3+ 36. Kh2 Qf4+ 37. Kh1 1/2-1/2

[Event "GER-chT U14"]
[Site "Regensburg"]
[Date "2014.12.28"]
[Round "4.1"]
[White "Hofmann, Rares"]
[Black "Schnabel, Bennett"]
[Result "1/2-1/2"]
[WhiteElo "1937"]
[BlackElo "1820"]
[PlyCount "81"]
[EventDate "2014.12.27"]
[EventType "team-swiss"]
[EventRounds "7"]
[EventCountry "GER"]
[SourceTitle "EXT 2016"]
[Source "ChessBase"]
[SourceDate "2015.10.08"]
[SourceVersion "1"]
[SourceVersionDate "2015.10.08"]
[SourceQuality "1"]
[WhiteTeam "Coswig TuS"]
[BlackTeam "Treptow"]
[WhiteTeamCountry "GER"]
[BlackTeamCountry "GER"]

1. e4 c5 2. Nf3 g6 3. d4 cxd4 4. Nxd4 Bg7 5. Nc3 Nc6 6. Be3 Nf6 7. Bc4 Qa5 8. 0-0 0-0 9. Bb3 d6 10. h3 Bd7 11. Re1 Rac8 12. f4 a6 13. Nd5 Nxd5 14. exd5 Nxd4 15. Bxd4 Bxd4+ 16. Qxd4 Rfe8 17. Re2 Qc5 18. Qxc5 dxc5 19. c4 Kg7 20. Rae1 e6 21. dxe6 Bxe6 22. Kf2 Red8 23. Kf3 Rd4 24. Re4 Rcd8 25. Rxd4 Rxd4 26. Re4 Rd2 27. Re2 Rd4 28. Re4 Rd2 29. Re2 Rd6 30. Re5 b6 31. Re3 h5 32. Re2 Kf6 33. Ke3 Rd4 34. Rd2 Rxd2 35. Kxd2 b5 36. cxb5 Bxb3 37. axb3 axb5 38. Kd3 Ke6 39. g3 Kd5 40. h4 f5 41. b4 1/2-1/2

[Event "GER-chT U14"]
[Site "Regensburg"]
[Date "2014.12.27"]
[Round "1.1"]
[White "Dalchow, Jonas"]
[Black "Hofmann, Rares"]
[Result "0-1"]
[WhiteElo "1429"]
[BlackElo "1937"]
[PlyCount "136"]
[EventDate "2014.12.27"]
[EventType "team-swiss"]
[EventRounds "7"]
[EventCountry "GER"]
[SourceTitle "EXT 2016"]
[Source "ChessBase"]
[SourceDate "2015.10.08"]
[SourceVersion "1"]
[SourceVersionDate "2015.10.08"]
[SourceQuality "1"]
[WhiteTeam "Lambsheim"]
[BlackTeam "Coswig TuS"]
[WhiteTeamCountry "GER"]
[BlackTeamCountry "GER"]

1. e4 e5 2. Nf3 Nc6 3. Bc4 Bc5 4. c3 Nf6 5. d4 exd4 6. cxd4 Bb4+ 7. Bd2 d5 8. exd5 Nxd5 9. Qe2+ Be6 10. Bxb4 Ncxb4 11. Bxd5 Nxd5 12. 0-0 0-0 13. Nc3 Bg4 14. h3 Re8 15. Qd1 Bh5 16. Nxd5 Qxd5 17. Qd3 Bxf3 18. Qxf3 Qxf3 19. gxf3 Rad8 20. Rad1 Re2 21. Rfe1 Rxd4 22. Rxd4 Rxe1+ 23. Kg2 Kf8 24. Rd7 Re7 25. Rd8+ Re8 26. Rd7 Rc8 27. Kf1 Ke8 28. Rd4 Rd8 29. Re4+ Kd7 30. Rh4 h6 31. Rf4 f6 32. Rg4 Rg8 33. Rd4+ Ke7 34. Rc4 Rc8 35. Rg4 Kf7 36. Rd4 Re8 37. a3 c5 38. Rd5 Re5 39. Rd6 Re7 40. Rd3 Rc7 41. Rc3 b5 42. Ke2 Ke6 43. b3 c4 44. Kd2 Kd6 45. Ke3 cxb3 46. Rxb3 Kc5 47. Kd3 Rd7+ 48. Kc2 Rd4 49. Re3 Rh4 50. Re7 Rxh3 51. Rxg7 Rxf3 52. Rg2 Rxa3 53. Rh2 b4 54. Rh5+ Kb6 55. Rf5 Rc3+ 56. Kb2 Rc6 57. Rh5 Re6 58. Kb3 Re2 59. Rf5 Re5 60. Rxf6+ Kb5 61. Rxh6 a5 62. Kb2 Re2+ 63. Kb1 Rxf2 64. Rh5+ Kc4 65. Rh4+ Kc3 66. Rh3+ Kd2 67. Rh4 b3 68. Ra4 Kc3 0-1